Score 0/24 Timer 03:00
3 Plays Today
% Correct
Eggs
95%
Christmas
95%
Battle
95%
Grinch
94.8%
Stole
94.8%
Socks
94.8%
Book
94.7%
Zoo
94.7%
Ham
94.7%
Green
94.6%
Hop
94.6%
Think
94.5%
% Correct
Pop
94.4%
Hat
94.3%
Street
94.3%
Butter
94.2%
Foot
94.1%
Mulberry
94.1%
Fox
94.1%
Stilts
94%
Saw
94%
King
94%
Ran
90.7%
Cat
89.3%
Remove Ads.
Support Sporcle.
Get the best of Sporcle when you Go Orange. This ad-free experience offers more features, more stats, and more fun while also helping to support Sporcle. Thank you for becoming a member.

You're not logged in!

Compare scores with friends on all Sporcle quizzes.
OR
Log In

Show Comments

Extras

Top Quizzes Today


Score Distribution

Your Account Isn't Verified!

In order to create a playlist on Sporcle, you need to verify the email address you used during registration. Go to your Sporcle Settings to finish the process.

Report this User

Report this user for behavior that violates our Community Guidelines.

Details: